|
|
|
|
| LEADER |
00000nbm0a2200000 4500 |
| 001 |
88398 |
| 005 |
20240116143133.0 |
| 035 |
|
|
|a (RuTPU)RU\TPU\book\94882
|
| 090 |
|
|
|a 88398
|
| 100 |
|
|
|a 20051226j20051214k y0rusy50 ca
|
| 101 |
0 |
|
|a rus
|
| 102 |
|
|
|a RU
|
| 105 |
|
|
|a a m 001zy
|
| 200 |
1 |
|
|a Децентрализованное электроснабжение районов Якутии с использованием энергии ветра
|e диссертация на соискание ученой степени кандидата технических наук
|e спец. 05.09.03
|f В. Р-Г. Киушкина
|g Якутский государственный университет, Технический институт (филиал); Томский политехнический университет; науч. рук. Б. В. Лукутин
|
| 210 |
|
|
|a Нерюнгри
|c [Б. и.]
|d 2005
|
| 215 |
|
|
|a 205 л.
|c ил.
|
| 320 |
|
|
|a Библиогр.: с. 181-192 (193 назв.)
|
| 610 |
1 |
|
|a электроснабжение
|
| 610 |
1 |
|
|a Якутия
|
| 610 |
1 |
|
|a ветроэнергетика
|
| 610 |
1 |
|
|a ветровые энергоресурсы
|
| 610 |
1 |
|
|a ветроэлектростанции
|
| 610 |
1 |
|
|a эффективность
|
| 610 |
1 |
|
|a энергетический баланс
|
| 610 |
1 |
|
|a автономные системы
|
| 610 |
1 |
|
|a малая энергетика
|
| 610 |
1 |
|
|a диссертации
|
| 675 |
|
|
|a 621.548(04)
|v 3
|
| 686 |
|
|
|a 05.09.03
|2 oksvnk
|
| 700 |
|
1 |
|a Киушкина
|b В. Р-Г.
|g Виолетта Рафик-Гызы
|
| 702 |
|
1 |
|a Лукутин
|b Б. В.
|c специалист в области электротехники
|c профессор Томского политехнического университета, доктор технических наук
|f 1948-
|g Борис Владимирович
|3 (RuTPU)RU\TPU\pers\21974
|4 727
|9 9293
|
| 712 |
0 |
2 |
|a Якутский государственный университет
|b Технический институт (филиал)
|3 (RuTPU)RU\TPU\col\392
|
| 712 |
0 |
2 |
|a Томский политехнический университет
|3 (RuTPU)RU\TPU\col\376
|
| 801 |
|
1 |
|a RU
|b 63413507
|c 20051226
|g PSBO
|
| 801 |
|
2 |
|a RU
|b 63413507
|c 20140527
|g PSBO
|
| 942 |
|
|
|c BK
|